| 000 | 00591cam a22002052 4500 | ||
|---|---|---|---|
| 001 | 0000023342 | ||
| 005 | 20151217154502.0 | ||
| 008 | 121113s xx 000 0 eng d | ||
| 020 | _a9966046000 : | ||
| 040 |
_aKABU _cKABU |
||
| 100 | 1 |
_aMuigua, Kariuki. _@0000182726 |
|
| 245 | 1 | 0 |
_aSettling disputes through arbitration in Kenya / _cKariuki Muigua. |
| 250 | _a1st ed. | ||
| 260 |
_aNairobi : _bGlenwood, _c2012. |
||
| 300 | _axi, 227 p. | ||
| 650 | 0 |
_aArbitration _zKenya. _@0000182727 |
|
| 908 | _a121113 | ||
| 950 | _@1 | ||
| 999 |
_c11448 _d11448 |
||